Folklore: All Songs - Statistics

General Stats
  • This quiz has been taken 20 times
  • The average score is 13 of 16
Answer Stats
Track No. Folklore % Correct
8 august
100%
14 betty
100%
2 cardigan
100%
6 mirrorball
93%
1 the 1
93%
11 invisible string
80%
5 My Tears Ricochet
80%
3 the last great american dynasty
80%
9 this is me trying
80%
4 exile
73%
7 seven
73%
16 hoax
67%
10 illicit affairs
67%
12 mad woman
67%
13 epiphany
60%
15 peace
60%
No matching quizzes found
Score Distribution
Percent of People with Each Score
Percentile by Number Answered
Your Score History
You have not taken this quiz